LEADER 03726nam 2200637Ia 450 001 9910455133003321 005 20200520144314.0 010 $a0-674-02097-9 024 7 $a10.4159/9780674020979 035 $a(CKB)1000000000805550 035 $a(SSID)ssj0000174542 035 $a(PQKBManifestationID)11172648 035 $a(PQKBTitleCode)TC0000174542 035 $a(PQKBWorkID)10176009 035 $a(PQKB)10056818 035 $a(MiAaPQ)EBC3300700 035 $a(Au-PeEL)EBL3300700 035 $a(CaPaEBR)ebr10331285 035 $a(OCoLC)923116712 035 $a(DE-B1597)589740 035 $a(DE-B1597)9780674020979 035 $a(EXLCZ)991000000000805550 100 $a20040809d2004 uy 0 101 0 $aeng 135 $aurcn||||||||| 181 $ctxt 182 $cc 183 $acr 200 10$aHow to win the Nobel Prize$b[electronic resource] $ean unexpected life in science. /$fJ. Michael Bishop 205 $a1st Harvard University Press pbk. ed. 210 $aCambridge, MA ;$aLondon $cHarvard University Press$d2004 215 $axiii, 271 p. $cill 225 1 $aThe Jerusalem-Harvard lectures 300 $aBibliographic Level Mode of Issuance: Monograph 311 $a0-674-00880-4 311 $a0-674-01625-4 320 $aIncludes bibliographical references and index. 327 $tFrontmatter -- $tContents -- $tList of Illustrations -- $tPreface -- $t1. The Phone Call -- $t2. Accidental Scientist -- $t3. People and Pestilence -- $t4. Opening the Black Box of Cancer -- $t5. Paradoxical Strife -- $tNotes -- $tCredits -- $tIndex 330 $aIn 1989 Michael Bishop and Harold Varmus were awarded the Nobel Prize for their discovery that normal genes under certain conditions can cause cancer. In this book, Bishop tells us how he and Varmus made their momentous discovery. More than a lively account of the making of a brilliant scientist, How to Win the Nobel Prize is also a broader narrative combining two major and intertwined strands of medical history: the long and ongoing struggles to control infectious diseases and to find and attack the causes of cancer. Alongside his own story, that of a youthful humanist evolving into an ambivalent medical student, an accidental microbiologist, and finally a world-class researcher, Bishop gives us a fast-paced and engrossing tale of the microbe hunters. It is a narrative enlivened by vivid anecdotes about our deadliest microbial enemies--the Black Death, cholera, syphilis, tuberculosis, malaria, smallpox, HIV--and by biographical sketches of the scientists who led the fight against these scourges. Bishop then provides an introduction for nonscientists to the molecular underpinnings of cancer and concludes with an analysis of many of today's most important science-related controversies--ranging from stem cell research to the attack on evolution to scientific misconduct. How to Win the Nobel Prize affords us the pleasure of hearing about science from a brilliant practitioner who is a humanist at heart. Bishop's perspective will be valued by anyone interested in biomedical research and in the past, present, and future of the battle against cancer. 410 0$aJerusalem-Harvard lectures. 606 $aMedical scientists$zUnited States$vBiography 606 $aOncogenes 606 $aNobel Prizes 608 $aElectronic books. 615 0$aMedical scientists 615 0$aOncogenes. 615 0$aNobel Prizes. 676 $a610.92 700 $aBishop$b J. Michael$f1936-$0866948 801 0$bMiAaPQ 801 1$bMiAaPQ 801 2$bMiAaPQ 906 $aBOOK 912 $a9910455133003321 996 $aHow to win the Nobel Prize$91935125 997 $aUNINA LEADER 00983nam a2200277 i 4500 001 991001892809707536 005 20020508183355.0 008 000220s1980 it ||| | ita 035 $ab10928467-39ule_inst 035 $aPARLA150736$9ExL 040 $aDip.to Filosofia$bita 082 0 $a371.1 100 1 $aIppolito, Maria$0537919 245 10$aAggiornare nella scuola /$ca cura di Maria Ippolito ; scritti di E. Becchi ... [et al.] 260 $aMilano :$bF. Angeli,$c[1980] 300 $a171 p. ;$c22 cm 490 0 $aScuola: progetto riforma ;$v2 650 4$aInsegnanti - Istruzione professionale 650 4$aScuola - Riforma 700 1 $aBecchi, Egle 907 $a.b10928467$b23-02-17$c28-06-02 912 $a991001892809707536 945 $aLE005IF XL C 13$g1$i2005000202650$lle005$o-$pE0.00$q-$rl$s- $t0$u2$v0$w2$x0$y.i11033137$z28-06-02 996 $aAggiornare nella scuola$9919970 997 $aUNISALENTO 998 $ale005$b01-01-00$cm$da $e-$fita$git $h0$i1 LEADER 03827nam 2200433za 450 001 9910975421803321 005 20230120075219.0 010 $a9781684034840 (ebook) 010 $a9781684034833 (pbk.) 035 $a(MiAaPQ)EBC6175281 035 $a(CKB)4100000011039768 035 $a(Perlego)4307573 035 $a(EXLCZ)994100000011039768 100 $a20201013d2020 uy 0 101 0 $aeng 135 $aurcn|nnn||||| 200 14$aThe anxiety & phobia workbook /$fEdmund J. Bourne, PhD 205 $aRev. & updated 7th ed. 210 $aOakland, Calif. $cNew Harbinger$d2020 215 $a1 online resource (514 pages) 225 1 $aNew Harbinger self-help workbook 311 08$a9781684034833 311 08$a1684034833 327 $aIntroduction -- 1. Anxiety Disorders -- 2. Major Causes of Anxiety Disorders -- 3. Recovery: A Comprehensive Approach -- 4. Relaxation -- 5. Physical Exercise -- 6. Coping with Panic Attacks -- 7. Exposure for Phobias -- 8. Self-Talk -- 9. Mistaken Beliefs -- 10. Overcoming Worry -- 11. Personality Styles That Perpetuate Anxiety -- 12. Ten Common Specific Phobias -- 13. Dealing with Feelings -- 14. Being Assertive -- 15. Self-Esteem -- 16. Nutrition -- 17. Health Conditions That May Contribute to Anxiety -- 18. Medication for Anxiety -- 19. Meditation -- 20. Relapse Prevention -- 21. Personal Meaning -- Postscript: A Future of Increasing Anxiety -- Appendix 1. Helpful Organizations -- Appendix 2. Resources for Relaxation -- Appendix 3. How to Stop Obsessive Thoughts -- Appendix 4. Affirmations for Overcoming Anxiety -- How to Access Resources for The Anxiety & Phobia Workbook. 330 $aCelebrating 30 years as a classic in its field and recommended by therapists worldwide, The Anxiety and Phobia Workbook is an unparalleled, essential resource for people struggling with anxiety and phobias. Living with anxiety, panic disorders, or phobias can make you feel like you aren't in control of your life. Tackle the fears that hold you back with this go-to guide. Packed with the most effective skills for assessing and treating anxiety, this evidence-based workbook contains the latest clinical research. You'll find an arsenal of tools for quieting worry, ending negative self-talk, and taking charge of your anxious thoughts, including: Relaxation and breathing techniques New research on exposure therapy for phobias Lifestyle, exercise, mindfulness and nutrition tips Written by a leading expert in cognitive behavioral therapy (CBT), this fully revised and updated seventh edition offers powerful, step-by-step treatment strategies for panic disorders, agoraphobia, generalized anxiety disorder (GAD), obsessive-compulsive disorder (OCD), post-traumatic stress disorder (PTSD), worry, and fear. You will also find new information on relapse prevention after successful treatment, and updates on medication, cannabis derivatives, ketamine, exposure, nutrition, spirituality, the latest research in neurobiology, and more. Whether you suffer from anxiety and phobias yourself, or are a professional working with this population, this book provides the latest treatment solutions for overcoming the fears that stand in the way of living a meaningful and happy life. This workbook can be used on its own or in conjunction with therapy. 410 0$aNew Harbinger self-help workbook. 517 3 $aAnxiety and phobia workbook 606 $aAnxiety$xTreatment$vPopular works 606 $aPhobias$xTreatment$vPopular works 606 $aPanic disorders 615 0$aAnxiety$xTreatment 615 0$aPhobias$xTreatment 615 0$aPanic disorders. 676 $a616.8522 676 $a616.8522 700 $aBourne$b Edmund J$0537652 912 $a9910975421803321 996 $aThe anxiety & phobia workbook$94358073 997 $aUNINA LEADER 04438nam 22007095 450 001 9910855391003321 005 20250715133014.0 010 $a9781461480334 024 7 $a10.1007/978-1-4614-8033-4 035 $a(CKB)31801674000041 035 $a(MiAaPQ)EBC31310967 035 $a(Au-PeEL)EBL31310967 035 $a(OCoLC)1432587417 035 $a(DE-He213)978-1-4614-8033-4 035 $a(EXLCZ)9931801674000041 100 $a20240429d2024 u| 0 101 0 $aeng 135 $aur||||||||||| 181 $ctxt$2rdacontent 182 $cc$2rdamedia 183 $acr$2rdacarrier 200 10$aHandbook of Scan Statistics /$fedited by Joseph Glaz, Markos V. Koutras 205 $a1st ed. 2024. 210 1$aNew York, NY :$cSpringer New York :$cImprint: Springer,$d2024. 215 $a1 online resource (812 pages) 225 1 $aMathematics and Statistics Series 311 08$a9781461480327 327 $aPreface -- I. History and Early Developments -- II. Methods and Techniques in Research and Scan Statistics -- III. One Dimensional Scan Statistics -- IV. Two and Three Dimensional Scan Statistics -- V. Biological Sciences -- VI. Biosurveillance and Reconnaissance -- VII. Engineering and Physical Sciences -- VIII. Ecology and Environmental Sciences -- IX. Information Sciences -- X. Medical Sciences -- XI. Public Health -- XII. Reliability and Quality Control -- XIII. Social Sciences -- XIV. Veterinary and Animal Science. 330 $aScan statistics, one of the most active research areas in applied probability and statistics, has seen a tremendous growth during the last 25 years. Google Scholar lists about 3,500 hits to references of articles on scan statistics since the year 2020, resulting in over 850 hits to articles per year. This is mainly due to extensive and diverse areas of science and technology where scan statistics have been employed, including: atmospheric and climate sciences, business, computer science, criminology, ecology, epidemiology, finance, genetics and genomics, geographic sciences, medical and health sciences, nutrition, pharmaceutical sciences, physics, quality control and reliability, social networks and veterinary science. This volume of the Handbook of Scan Statistics is a collection of forty chapters, authored by leading experts in the field, outlines the research and the breadth of applications of scan statistics to the numerous areas of science and technology listed above. These chapters present an overview of the theory, methods and computational techniques, related to research in the area of scan statistics and outline future developments. It contains extensive references to research articles, books and relevant computer software. Handbook of Scan Statistics is an excellent reference for researchers and graduate students in applied probability and statistics, as well as for scientists in research areas where scan statistics are used. This volume may also be used as a textbook for a graduate level course on scan statistics. . 410 0$aMathematics and Statistics Series 606 $aStatistics 606 $aBioinformatics 606 $aBiometry 606 $aSocial sciences$xStatistical methods 606 $aStatistics 606 $aStatistical Theory and Methods 606 $aBioinformatics 606 $aBiostatistics 606 $aEstadística matemàtica$2thub 606 $aStatistics in Social Sciences, Humanities, Law, Education, Behavorial Sciences, Public Policy 606 $aStatistics in Engineering, Physics, Computer Science, Chemistry and Earth Sciences 608 $aLlibres electrònics$2thub 615 0$aStatistics. 615 0$aBioinformatics. 615 0$aBiometry. 615 0$aSocial sciences$xStatistical methods. 615 0$aStatistics. 615 14$aStatistical Theory and Methods. 615 24$aBioinformatics. 615 24$aBiostatistics. 615 7$aEstadística matemàtica 615 24$aStatistics in Social Sciences, Humanities, Law, Education, Behavorial Sciences, Public Policy. 615 24$aStatistics in Engineering, Physics, Computer Science, Chemistry and Earth Sciences. 676 $a519.5 700 $aGlaz$b Joseph$066319 701 $aKoutras$b Markos V$01738162 801 0$bMiAaPQ 801 1$bMiAaPQ 801 2$bMiAaPQ 912 $a9910855391003321 996 $aHandbook of Scan Statistics$94160156 997 $aUNINA